[Event "Gibtelecom Masters"]
[Site "Gibraltar ENG"]
[Date "2006.01.24"]
[Round "1"]
[White "Shirov,A"]
[Black "Zhukova,N"]
[Result "1/2-1/2"]
[WhiteElo "2709"]
[BlackElo "2432"]
[EventDate "2006.01.24"]

1. e4 e6 2. d4 d5 3. Nc3 Bb4 4. e5 c5 5. a3 Bxc3+ 6. bxc3 Ne7 7. Qg4 cxd4
8. cxd4 Qc7 9. Kd1 O-O 10. Bd3 f5 11. exf6 Rxf6 12. Qh5 h6 13. g4 e5 14. g5
hxg5 15. h4 e4 16. hxg5 Rg6 17. Bb5 Nbc6 18. Ne2 Qb6 19. a4 Kf7 20. Ba3
Nxd4 21. Rb1 Bd7 22. a5 Bxb5 23. Rxb5 Qxb5 24. Nxd4 Qa4 25. Bb2 Rc8 26. Qg4
Rc4 27. Qf4+ Kg8 28. Qb8+ Kf7 29. Qf4+ Kg8 30. Qb8+ Kf7 1/2-1/2

[Event "Gibtelecom Masters"]
[Site "Gibraltar ENG"]
[Date "2006.01.24"]
[Round "1"]
[White "Carlsson,P"]
[Black "Akopian,Vl"]
[Result "0-1"]
[WhiteElo "2430"]
[BlackElo "2704"]
[EventDate "2006.01.24"]

1. e4 d6 2. d4 g6 3. Nc3 c6 4. f4 d5 5. e5 h5 6. Be3 Nh6 7. Nf3 Bg4 8. h3
Nf5 9. Bf2 Bxf3 10. Qxf3 h4 11. Bd3 e6 12. O-O Nd7 13. Ne2 Be7 14. b3 Kf8
15. c4 a5 16. Rab1 Nb8 17. c5 b6 18. a3 Na6 19. Rfc1 Kg7 20. b4 axb4 21.
axb4 b5 22. Kh2 Qd7 23. Ng1 Ra7 24. Qe2 Rha8 25. Nf3 Nc7 26. Qe1 Qd8 27.
Ra1 Ra3 28. Bc2 Ra2 29. Bd3 R2a3 30. Bc2 Qh8 31. Rxa3 Rxa3 32. Ra1 Rxa1 33.
Qxa1 Qh6 34. Qc1 Kg8 35. Bd3 Ne8 36. Bxf5 exf5 37. Be3 Qf8 38. Qe1 Nc7 39.
Nxh4 Bxh4 40. Qxh4 Ne6 41. Qf2 Qa8 42. Qd2 Qa1 43. Bf2 Qf1 44. Be3 Qb1 45.
h4 Kh7 46. Bf2 Qf1 47. Be3 Kh6 48. Bf2 Kh5 49. Kg3 Qh1 50. Kf3 Kh6 51. Qc2
Qxh4 52. g3 Qh1+ 53. Ke3 Qa1 54. Kd3 Qf1+ 55. Ke3 Kh5 56. Qd2 Qb1 57. Ke2
Kg4 58. Qc3 Qe4+ 59. Kf1 Qf3 60. Qd2 Ng7 0-1

[Event "Gibtelecom Masters"]
[Site "Gibraltar ENG"]
[Date "2006.01.24"]
[Round "1"]
[White "Kobalia,M"]
[Black "Welling,G"]
[Result "1-0"]
[WhiteElo "2654"]
[BlackElo "2405"]
[EventDate "2006.01.24"]

1. e4 g6 2. d4 Bg7 3. Nf3 d6 4. Bc4 e6 5. Bb3 Ne7 6. O-O b6 7. Nbd2 O-O 8.
Re1 c5 9. c3 Nbc6 10. Nf1 h6 11. Ng3 Ba6 12. Bc2 cxd4 13. cxd4 Rc8 14. Be3
Rc7 15. Qd2 Kh7 16. Rad1 Na5 17. b3 f5 18. Bb1 Qd7 19. h4 d5 20. exf5 gxf5
21. Nh5 Ng6 22. Nxg7 Qxg7 23. h5 Nh8 24. Bf4 Rc6 25. Ne5 Rcc8 26. Re3 Rg8
27. Rg3 Qf6 28. Ng4 Qh4 29. Nxh6 Rxg3 30. fxg3 1-0

[Event "Gibtelecom Masters"]
[Site "Gibraltar ENG"]
[Date "2006.01.24"]
[Round "1"]
[White "Kobese,W"]
[Black "Georgiev,Ki"]
[Result "1/2-1/2"]
[WhiteElo "2397"]
[BlackElo "2645"]
[EventDate "2006.01.24"]

1. e4 c5 2. Nf3 d6 3. d4 cxd4 4. Nxd4 Nf6 5. Nc3 a6 6. Bc4 e6 7. Bb3 b5 8.
Be3 Be7 9. f4 Bb7 10. O-O b4 11. Na4 O-O 12. e5 dxe5 13. Nxe6 fxe6 14.
Bxe6+ Kh8 15. Qxd8 Rxd8 16. fxe5 Ng8 17. Nb6 Nc6 18. Nxa8 Rxa8 19. Bd5 Rb8
20. Rad1 h6 21. Bb6 Rc8 22. Be6 Ra8 23. Bd5 Rc8 24. Be6 1/2-1/2

[Event "Gibtelecom Masters"]
[Site "Gibraltar ENG"]
[Date "2006.01.24"]
[Round "1"]
[White "Roy Chowdhury,S"]
[Black "Volkov,S1"]
[Result "0-1"]
[WhiteElo "2393"]
[BlackElo "2629"]
[EventDate "2006.01.24"]

1. d4 d5 2. c4 e6 3. Nc3 c6 4. e3 f5 5. Bd3 Bd6 6. g4 Nf6 7. gxf5 dxc4 8.
Bxc4 exf5 9. f4 Qe7 10. Qf3 b5 11. Bd3 Bb7 12. Bxf5 O-O 13. Nge2 c5 14. d5
b4 15. Ne4 Nxd5 16. Nxd6 Qxd6 17. Be4 Nd7 18. Rg1 Rae8 19. Qg3 Rf7 20. Bc2
N7f6 21. Bd2 Ne4 22. Bxe4 Rxe4 23. Rd1 Qa6 24. Bc1 Qxa2 25. Qg5 Re8 26. Rg3
a5 27. b3 Qxb3 28. e4 Qc4 29. Rxd5 Bxd5 30. Qxd5 Qxd5 31. exd5 Rfe7 32. Rg2
Rd8 33. Rg5 h6 0-1

[Event "Gibtelecom Masters"]
[Site "Gibraltar ENG"]
[Date "2006.01.24"]
[Round "1"]
[White "Spraggett,K"]
[Black "Quillan,G"]
[Result "1-0"]
[WhiteElo "2581"]
[BlackElo "2356"]
[EventDate "2006.01.24"]

1. e4 e6 2. d4 d5 3. Nc3 Bb4 4. e5 c5 5. a3 Bxc3+ 6. bxc3 Qc7 7. Nf3 Ne7 8.
h4 b6 9. Bb5+ Bd7 10. Bd3 Nbc6 11. O-O h6 12. Re1 Na5 13. a4 O-O 14. h5 f5
15. exf6 Rxf6 16. Ne5 c4 17. Be2 Nac6 18. Bg4 Nxe5 19. Rxe5 Raf8 20. f3 Nc6
21. Re2 Nd8 22. Qe1 Re8 23. g3 Nb7 24. Kg2 Kh8 25. Re5 Qc8 26. Bf4 Bc6 27.
Re2 Qd7 28. Be5 Rf7 29. Qc1 Kg8 30. Qa3 Rfe7 31. f4 Rf7 32. Qb4 Kh7 33. Rf2
Kg8 34. Bh3 Qd8 35. Kh2 Bd7 36. Qa3 Ref8 37. Rg1 Qe8 38. g4 Qe7 39. Qxe7
Rxe7 40. g5 hxg5 41. Rxg5 Kh7 42. Rfg2 Nd8 43. h6 1-0

[Event "Gibtelecom Masters"]
[Site "Gibraltar ENG"]
[Date "2006.01.24"]
[Round "1"]
[White "Houska,Jo"]
[Black "Al Modiahki,M"]
[Result "0-1"]
[WhiteElo "2355"]
[BlackElo "2579"]
[EventDate "2006.01.24"]

1. e4 c5 2. Nf3 d6 3. Bc4 Nf6 4. e5 dxe5 5. Nxe5 e6 6. Qe2 Be7 7. b3 O-O 8.
Bb2 Nd5 9. O-O Bf6 10. Nc3 Nd7 11. Ng4 Bd4 12. Rab1 N7b6 13. Qf3 Nxc4 14.
bxc4 Nb4 15. a3 Nc6 16. Ne3 f5 17. Ned1 Ne5 18. Qe2 f4 19. g3 Qg5 20. Ne4
f3 21. Qe1 Qg4 22. Ne3 Qxe4 23. d3 Qg6 24. Nd1 Qf5 0-1

[Event "Gibtelecom Masters"]
[Site "Gibraltar ENG"]
[Date "2006.01.24"]
[Round "1"]
[White "Ganguly,S"]
[Black "Klinova,M"]
[Result "1-0"]
[WhiteElo "2579"]
[BlackElo "2353"]
[EventDate "2006.01.24"]

1. e4 d6 2. d4 e5 3. Nf3 exd4 4. Nxd4 Nf6 5. f3 Be7 6. c4 O-O 7. Nc3 Re8 8.
Be3 c6 9. Qd2 a6 10. Be2 b5 11. O-O b4 12. Nd1 c5 13. Nc2 Nc6 14. Nf2 Bb7
15. Nh1 Qb6 16. Ng3 Bf8 17. Nf5 Re6 18. Bg5 Ne5 19. Nce3 h6 20. Bh4 Ng6 21.
Bg3 Nh5 22. Nd5 Qd8 23. Bf2 Nf6 24. a3 a5 25. axb4 axb4 26. Rxa8 Bxa8 27.
Ra1 Re8 28. Nxh6+ 1-0

[Event "Gibtelecom Masters"]
[Site "Gibraltar ENG"]
[Date "2006.01.24"]
[Round "1"]
[White "Swathi,G"]
[Black "Sandipan,C"]
[Result "0-1"]
[WhiteElo "2244"]
[BlackElo "2522"]
[EventDate "2006.01.24"]

1. e4 c5 2. Nf3 e6 3. d4 cxd4 4. Nxd4 Nf6 5. Nc3 d6 6. Be2 a6 7. O-O Be7 8.
Be3 O-O 9. f4 Nc6 10. Qe1 Bd7 11. Kh1 b5 12. a3 Qb8 13. Qg3 b4 14. axb4
Qxb4 15. Nxc6 Bxc6 16. Bd3 Qxb2 17. Bd4 Qb4 18. Ne2 Qb7 19. Bxf6 Bxf6 20.
e5 dxe5 21. fxe5 Be7 22. Rfb1 Qc7 23. Bxa6 Be4 24. Bd3 Bxd3 25. cxd3 Qc2
26. Qf3 Rxa1 27. Rxa1 Qb2 28. Ra4 Bd8 29. Ra8 Qxe5 30. g3 g6 31. Kg2 Bb6
32. Rxf8+ Kxf8 33. Qe4 Qc5 34. Qf3 Kg7 35. g4 Qc2 36. Qe4 Bd8 37. h3 Kg8
38. Kf3 Qb1 39. Kg2 Qd1 40. Ng3 Bc7 41. Qe2 Qc1 42. Ne4 Bb6 43. Ng3 Qg1+
44. Kf3 Kf8 45. Ne4 h6 46. Qg2 Qe3+ 0-1

[Event "Gibtelecom Masters"]
[Site "Gibraltar ENG"]
[Date "2006.01.24"]
[Round "1"]
[White "Cramling,P"]
[Black "Jaime Montalvan,L"]
[Result "1-0"]
[WhiteElo "2515"]
[BlackElo "2242"]
[EventDate "2006.01.24"]

1. d4 Nf6 2. Nf3 g6 3. c4 Bg7 4. Nc3 O-O 5. Bg5 c5 6. d5 d6 7. h3 h6 8. Bh4
e6 9. e3 exd5 10. cxd5 a6 11. a4 Qe7 12. Nd2 Nbd7 13. Be2 g5 14. Bg3 Ne5
15. Qc2 Nfd7 16. O-O Ng6 17. Rae1 Nde5 18. f4 Nd7 19. Bd3 Nh4 20. Nc4 Bxc3
21. bxc3 b5 22. Na5 c4 23. Nc6 Qf6 24. Bh7+ Kh8 25. fxg5 Qxg5 26. Bxd6 Nxg2
27. Qxg2 Qxg2+ 28. Kxg2 Kxh7 29. Bxf8 1-0

[Event "Gibtelecom Masters"]
[Site "Gibraltar ENG"]
[Date "2006.01.24"]
[Round "1"]
[White "Bakre,T"]
[Black "Van den Bersselaar,J"]
[Result "1-0"]
[WhiteElo "2480"]
[BlackElo "2222"]
[EventDate "2006.01.24"]

1. e4 e5 2. Nf3 Nc6 3. Bb5 a6 4. Bxc6 dxc6 5. O-O Qf6 6. d4 exd4 7. Qxd4
Qxd4 8. Nxd4 Bd7 9. Nc3 O-O-O 10. Be3 c5 11. Nde2 b6 12. Rad1 Ne7 13. Bf4
Ng6 14. Bg3 f6 15. Rd2 Ne5 16. b3 Bd6 17. Rfd1 c4 18. Nd5 cxb3 19. cxb3 Kb7
20. Nxc7 Kxc7 21. Rxd6 Bc6 22. Rxd8 Rxd8 23. Bxe5+ fxe5 24. Rxd8 Kxd8 25.
f3 Kd7 26. Kf2 Kd6 27. b4 Bb5 28. Nc3 Bc4 29. a3 Bb3 30. Ke3 Ke6 31. Kd3
Kd6 32. Nb1 Kc6 33. Nd2 1-0

[Event "Gibtelecom Masters"]
[Site "Gibraltar ENG"]
[Date "2006.01.24"]
[Round "1"]
[White "Al Sayed,Mohamad"]
[Black "Thipsay,B"]
[Result "1-0"]
[WhiteElo "2470"]
[BlackElo "2219"]
[EventDate "2006.01.24"]

1. e4 c6 2. d4 d5 3. Nd2 dxe4 4. Nxe4 Nf6 5. Nxf6+ gxf6 6. c3 Bf5 7. Nf3
Qc7 8. g3 Nd7 9. Bg2 O-O-O 10. O-O e6 11. Nh4 Bg6 12. Bf4 Bd6 13. Bxd6 Qxd6
14. f4 f5 15. b4 Kb8 16. Qb3 Bh5 17. Rfe1 Nf6 18. Re5 Nd5 19. b5 Ka8 20.
bxc6 bxc6 21. Qa4 Rc8 22. Rc1 Rhg8 23. Qa6 Qd7 24. Kh1 Rb8 25. c4 Nb4 26.
Qa4 Rb6 27. Rb5 Rxb5 28. cxb5 Qxd4 29. bxc6 1-0

[Event "Gibtelecom Masters"]
[Site "Gibraltar ENG"]
[Date "2006.01.24"]
[Round "1"]
[White "Smith,AP"]
[Black "McNab,C"]
[Result "1/2-1/2"]
[WhiteElo "2200"]
[BlackElo "2456"]
[EventDate "2006.01.24"]

1. d4 d6 2. Nf3 g6 3. c4 Nd7 4. Nc3 e5 5. e4 Bg7 6. Bg5 f6 7. Be3 Nh6 8. h3
c6 9. Qd2 Nf7 10. g4 O-O 11. O-O-O exd4 12. Nxd4 Re8 13. f4 a5 14. h4 Nc5
15. h5 Bxg4 16. hxg6 hxg6 17. Re1 Nxe4 18. Nxe4 Rxe4 19. Bd3 d5 20. Bxe4
dxe4 21. Qh2 Bh6 22. Kb1 f5 23. Ne6 Qf6 24. Ng5 Bh5 25. Bd2 Qd6 26. Nxf7
Kxf7 27. Qf2 Bg7 28. Rh3 Bf3 29. Rh7 Kg8 30. Qh2 Rd8 31. Rxg7+ Kxg7 32.
Bc3+ Kf7 33. Qh7+ Ke8 34. a3 Qe6 35. Bxa5 1/2-1/2

[Event "Gibtelecom Masters"]
[Site "Gibraltar ENG"]
[Date "2006.01.24"]
[Round "1"]
[White "Tissir,M"]
[Black "Gokhale,A"]
[Result "1-0"]
[WhiteElo "2444"]
[BlackElo "2198"]
[EventDate "2006.01.24"]

1. e4 e5 2. Nf3 Nc6 3. Bc4 Bc5 4. c3 Nf6 5. d3 a6 6. Nbd2 Ba7 7. Nf1 d5 8.
exd5 Nxd5 9. Ng3 h6 10. O-O O-O 11. Re1 Be6 12. Bb3 Re8 13. h3 Qd6 14. Ba4
b5 15. Bc2 Rad8 16. Re2 Nf6 17. Qe1 b4 18. Nd2 Bd5 19. Nde4 Nxe4 20. dxe4
Bc4 21. Rd2 Qf6 22. Nf5 Be6 23. Ne3 bxc3 24. bxc3 Na5 25. Rxd8 Rxd8 26. Qe2
Nc4 27. Ng4 Qe7 28. Bb3 Qc5 29. Ne3 Nd6 30. Nd5 Bxd5 31. Bxd5 c6 32. Be3
Qb5 33. c4 Qb7 34. Bxc6 Qxc6 35. Bxa7 Nxe4 36. Re1 Nc3 37. Qxe5 Qxc4 38.
Re3 Nxa2 39. Rg3 g6 40. Be3 h5 41. Qf6 Rd7 42. Bf4 h4 43. Re3 Qc8 44. Bh6
1-0

[Event "Gibtelecom Masters"]
[Site "Gibraltar ENG"]
[Date "2006.01.24"]
[Round "1"]
[White "Osuna Vega,E"]
[Black "Carame Gonzalez,F"]
[Result "1-0"]
[WhiteElo "2192"]
[BlackElo "1978"]
[EventDate "2006.01.24"]

1. e4 c5 2. Nf3 d6 3. d4 cxd4 4. Nxd4 Nf6 5. f3 a6 6. c4 e6 7. Nc3 Nbd7 8.
Be3 Be7 9. Be2 Qc7 10. O-O b6 11. Qd2 Bb7 12. Rac1 O-O 13. Rfd1 Rac8 14.
Bf1 Rfd8 15. Qf2 Qb8 16. Kh1 Qa8 17. Nc2 d5 18. cxd5 exd5 19. e5 Nxe5 20.
Bxb6 Re8 21. Bd4 Ned7 22. Re1 Bd6 23. Rxe8+ Rxe8 24. Re1 Qb8 25. Rxe8+ Qxe8
26. Qe1 Qb8 27. g3 Bc6 28. b3 a5 29. Kg2 h5 30. Ne3 Be5 31. Nf5 Kf8 32.
Bxe5 Nxe5 33. Nd4 Bd7 34. a4 Nc6 35. Ncb5 Nxd4 36. Nxd4 Qc7 37. Qd2 Qc5 38.
h4 Qc7 39. b4 Bxa4 40. bxa5 Qc5 41. a6 Qb6 42. Nf5 Bd7 43. Qd4 Qa5 44. Ne3
Bc6 45. Be2 Nd7 46. Nf5 f6 47. Qe3 Qc5 48. Nd4 Qd6 49. f4 Nc5 50. a7 Nd7
51. Nxc6 Qxc6 52. Qa3+ 1-0

[Event "Gibtelecom Masters"]
[Site "Gibraltar ENG"]
[Date "2006.01.24"]
[Round "1"]
[White "Pannekoek,W"]
[Black "Dunn,An1"]
[Result "1/2-1/2"]
[WhiteElo "2083"]
[BlackElo "2188"]
[EventDate "2006.01.24"]

1. e4 c6 2. d4 d5 3. e5 Bf5 4. c4 e6 5. Nc3 Nd7 6. cxd5 cxd5 7. Nge2 Ne7 8.
Ng3 Bg6 9. h4 h5 10. Bg5 Qb6 11. Bxe7 Bxe7 12. Qd2 Rc8 13. Bb5 Bb4 14. Nge2
Qa5 15. Bxd7+ Kxd7 16. O-O Rc4 17. Rfd1 Rhc8 18. a3 Bxc3 19. Nxc3 b5 20.
Qg5 a6 21. Ne2 Qd8 22. Qg3 Rc2 23. Nf4 Rxb2 24. Nxg6 fxg6 25. Qxg6 Qf8 26.
f3 Rcc2 27. Rac1 Rxg2+ 28. Qxg2 Rxg2+ 29. Kxg2 Qxa3 30. Ra1 Qe3 31. Kg3 g5
32. hxg5 Qxg5+ 33. Kf2 h4 34. Rxa6 Qg3+ 35. Ke3 Qg5+ 36. Kf2 h3 37. Rda1
Qg2+ 38. Ke3 Qg5+ 39. Ke2 Qg2+ 40. Ke3 Qg5+ 41. Ke2 Qg2+ 1/2-1/2

[Event "Gibtelecom Masters"]
[Site "Gibraltar ENG"]
[Date "2006.01.24"]
[Round "1"]
[White "Groffen,H"]
[Black "Matto,M"]
[Result "1-0"]
[WhiteElo "2185"]
[BlackElo "1954"]
[EventDate "2006.01.24"]

1. d4 e6 2. c4 Nf6 3. Nc3 d5 4. cxd5 Nxd5 5. e4 Nxc3 6. bxc3 Be7 7. Nf3 Nd7
8. Bd3 h6 9. O-O a6 10. Re1 Nf6 11. Bb2 c6 12. Qe2 Nh5 13. g3 Nf6 14. Ne5
h5 15. a4 Bd6 16. Nc4 Bc7 17. f4 h4 18. Qf3 hxg3 19. hxg3 b5 20. Ne3 Bb7
21. e5 Nd5 22. Nxd5 Qxd5 23. Be4 Qd7 24. axb5 axb5 25. Rxa8+ Bxa8 26. Ra1
O-O 27. Kg2 f5 28. exf6 gxf6 29. Qg4+ Kf7 30. Qh5+ Ke7 31. Ba3+ Bd6 32.
Bxd6+ Qxd6 33. Ra7+ Kd8 34. Rxa8+ Kc7 35. Qh7+ 1-0

[Event "Gibtelecom Masters"]
[Site "Gibraltar ENG"]
[Date "2006.01.24"]
[Round "1"]
[White "Hamer,M"]
[Black "Vinas Guerrero,C"]
[Result "0-1"]
[WhiteElo "2000"]
[BlackElo "2160"]
[EventDate "2006.01.24"]

1. e4 c5 2. Nf3 d6 3. d4 cxd4 4. Nxd4 Nf6 5. Nc3 a6 6. Bc4 e6 7. Bb3 Nbd7
8. f4 Nc5 9. f5 Be7 10. O-O Nxb3 11. axb3 e5 12. Nde2 Bd7 13. Ng3 Bc6 14.
Nd5 h5 15. Qf3 h4 16. Ne2 Bxd5 17. exd5 Rc8 18. c4 Nh5 19. Be3 Bg5 20. Bf2
Qd7 21. Qd3 Rh6 22. Bb6 Rf6 23. b4 Kf8 24. c5 Kg8 25. g3 Rh6 26. Nc3 Bd8
27. Bxd8 Rxd8 28. Rad1 hxg3 29. hxg3 Nf6 30. Ne4 Nxe4 31. Qxe4 Qb5 32. Rc1
a5 33. c6 bxc6 34. dxc6 Qb6+ 35. Rf2 axb4 36. c7 Rc8 37. Qc6 Qe3 38. Kg2
Rh2+ 39. Kxh2 Qxf2+ 40. Kh1 Qxf5 41. Ra1 Qh3+ 42. Kg1 Qxg3+ 43. Kh1 Qh3+
44. Kg1 Qg3+ 45. Kh1 Qh4+ 46. Kg1 Qd4+ 47. Kh1 Kh7 48. Qb7 Qh4+ 49. Kg1
Qg4+ 50. Kf2 Qf5+ 51. Ke3 Qf4+ 52. Kd3 Qd4+ 53. Ke2 Qxb2+ 54. Kd3 Qc3+ 0-1

[Event "Gibtelecom Masters"]
[Site "Gibraltar ENG"]
[Date "2006.01.24"]
[Round "1"]
[White "Flores Chico,J"]
[Black "Schiller,E"]
[Result "0-1"]
[WhiteElo "2136"]
[BlackElo "2188"]
[EventDate "2006.01.24"]

1. e3 d5 2. f4 g6 3. Nf3 Bg7 4. Be2 Nc6 5. d4 Nf6 6. O-O O-O 7. c3 Ne4 8.
Nbd2 Nxd2 9. Bxd2 Bf5 10. Qe1 f6 11. Qh4 Be4 12. g4 Bh8 13. c4 e6 14. Rac1
Rf7 15. cxd5 Bxd5 16. b3 a5 17. Bd3 a4 18. e4 Bxe4 19. Bxe4 Nxd4 20. Rcd1
axb3 21. Be3 c5 22. Nxd4 cxd4 23. axb3 Rd7 24. Bf2 Qb6 25. Rd3 Ra2 26. Qh3
f5 27. gxf5 exf5 28. Bg2 Qc7 29. Qf3 Rc2 30. Re1 Bf6 31. Qd1 Rc3 32. Bg3
Re7 33. Bd5+ Kg7 34. Rxe7+ Qxe7 35. Bc4 g5 36. fxg5 Bxg5 37. Rxc3 dxc3 38.
Qc2 b5 39. Bf1 Be3+ 40. Bf2 Qg5+ 41. Kh1 Bxf2 42. Qxf2 Qc1 43. Qg1+ Kh6 44.
Bd3 Qd2 45. Qb1 Kg5 46. Bxf5 h5 47. Qe4 Qf4 48. Qxf4+ Kxf4 49. Bg6 Ke3 50.
Kg2 Kd2 51. Kf3 c2 52. Bxc2 0-1

[Event "Gibtelecom Masters"]
[Site "Gibraltar ENG"]
[Date "2006.01.24"]
[Round "1"]
[White "Schramm,B"]
[Black "Villena Perez,J"]
[Result "1-0"]
[WhiteElo "2126"]
[BlackElo "1915"]
[EventDate "2006.01.24"]

1. e4 e6 2. d4 d5 3. Nc3 Nf6 4. e5 Nfd7 5. Nce2 c5 6. c3 Nc6 7. Nf3 cxd4 8.
cxd4 Be7 9. Nc3 a6 10. Bd3 Qb6 11. Na4 Qc7 12. O-O Nb6 13. Nc3 Bd7 14. Be3
f6 15. Rc1 O-O 16. Qe2 Be8 17. h3 Nd7 18. Bf4 fxe5 19. Bxe5 Ndxe5 20. dxe5
Bh5 21. g4 Be8 22. Kg2 Qa5 23. a3 Qd8 24. Rfe1 Bg5 25. Rcd1 Rc8 26. Bb1 Rc7
27. Ba2 Bf7 28. Bb1 Be8 29. Ba2 Bf7 30. Kg3 Be8 31. Nxd5 Rd7 32. Nxg5 Qxg5
33. f4 Qh6 34. g5 Qg6 35. Nc3 Qf5 36. Qe4 Kh8 37. Qxf5 exf5 38. Rxd7 Bxd7
39. Rd1 Bc8 40. Rd6 Re8 41. Na4 g6 42. Nb6 1-0

[Event "Gibtelecom Masters"]
[Site "Gibraltar ENG"]
[Date "2006.01.24"]
[Round "1"]
[White "Kuenitz,K"]
[Black "Ocana Roca,J"]
[Result "0-1"]
[WhiteElo "1901"]
[BlackElo "2125"]
[EventDate "2006.01.24"]

1. e4 c5 2. f4 Nc6 3. Nf3 g6 4. Bc4 Bg7 5. O-O e6 6. Nc3 Nge7 7. e5 d5 8.
exd6 Qxd6 9. d3 O-O 10. Be3 Nf5 11. Bf2 b6 12. Qd2 Bb7 13. Ne4 Qc7 14. c3
Rad8 15. Rad1 Na5 16. Qc2 Qxf4 17. Rde1 Nxc4 18. dxc4 Nd6 19. Nfd2 Nxe4 20.
Nxe4 Bxe4 21. Rxe4 Rd2 22. Qb1 Qd6 23. Be3 Rd3 24. Bf4 Qd7 25. Rfe1 Rd8 26.
Bg5 f6 27. Be3 f5 28. Rh4 Rd1 0-1

[Event "Gibtelecom Masters"]
[Site "Gibraltar ENG"]
[Date "2006.01.24"]
[Round "1"]
[White "Nimmy,A"]
[Black "Gonzalez Amaya,M"]
[Result "1-0"]
[WhiteElo "2123"]
[BlackElo "1892"]
[EventDate "2006.01.24"]

1. e4 e5 2. Nf3 Nf6 3. Nxe5 d6 4. Nf3 Nxe4 5. Nc3 Nxc3 6. dxc3 Nd7 7. Bf4
Be7 8. Qd2 Nc5 9. O-O-O Bf5 10. Nd4 Bg6 11. f3 O-O 12. g4 Ne6 13. Be3 Nxd4
14. Qxd4 c6 15. f4 f5 16. h3 Qa5 17. a3 d5 18. Rg1 Bf6 19. Qd2 fxg4 20.
hxg4 Be4 21. Bd3 Rae8 22. Qf2 a6 23. Bb6 Qa4 24. Kb1 Bxd3 25. Rxd3 Re4 26.
b3 Qb5 27. Ka2 a5 28. a4 Qa6 29. f5 Rfe8 30. Qc5 Re2 31. Kb1 Rh2 32. g5
Bxg5 33. Bc7 Be7 34. Qd4 Bf6 35. Qxf6 Re1+ 36. Kb2 Rxg1 37. Qe6+ Kf8 1-0

[Event "Gibtelecom Masters"]
[Site "Gibraltar ENG"]
[Date "2006.01.24"]
[Round "1"]
[White "Jacobsen,M"]
[Black "Hutchinson,N"]
[Result "0-1"]
[WhiteElo "1879"]
[BlackElo "2118"]
[EventDate "2006.01.24"]

1. e4 c6 2. d4 d5 3. Nc3 dxe4 4. Nxe4 Bf5 5. Ng3 Bg6 6. Nf3 Nd7 7. h4 h6 8.
h5 Bh7 9. Bd3 Bxd3 10. Qxd3 e6 11. Bf4 Ngf6 12. O-O-O Be7 13. c4 Qa5 14.
Kb1 b5 15. cxb5 cxb5 16. Qe2 Nd5 17. Be5 Nxe5 18. Nxe5 O-O 19. Qe4 b4 20.
f4 Rfc8 21. Rc1 Rc3 22. bxc3 bxc3 23. Kc2 Qxa2+ 24. Kd3 Qd2+ 25. Kc4 Rc8+
0-1

[Event "Gibtelecom Masters"]
[Site "Gibraltar ENG"]
[Date "2006.01.24"]
[Round "1"]
[White "Guski,D"]
[Black "Reppen,E"]
[Result "1/2-1/2"]
[WhiteElo "2106"]
[BlackElo "1851"]
[EventDate "2006.01.24"]

1. e4 e5 2. Nf3 Nc6 3. d4 exd4 4. Bc4 Nf6 5. e5 d5 6. Bb5 Ne4 7. Nxd4 Bd7
8. Bxc6 bxc6 9. O-O Be7 10. f3 Ng5 11. Be3 O-O 12. f4 Ne4 13. Nd2 Nxd2 14.
Qxd2 c5 15. Nb3 d4 16. Bf2 Bc6 17. c4 f6 18. exf6 Rxf6 19. Rae1 Rg6 20. g3
Rb8 21. Re5 Bd6 22. Rg5 Rxg5 23. fxg5 Qd7 24. Be1 Qh3 25. Na5 Ba8 26. Qf2
Rf8 27. Qe2 Rxf1+ 1/2-1/2

[Event "Gibtelecom Masters"]
[Site "Gibraltar ENG"]
[Date "2006.01.24"]
[Round "1"]
[White "Almer,J"]
[Black "Fox,An"]
[Result "0-1"]
[WhiteElo "1848"]
[BlackElo "2104"]
[EventDate "2006.01.24"]

1. e4 e5 2. Nf3 Nc6 3. d4 exd4 4. Bc4 Nf6 5. e5 d5 6. Bb5 Ne4 7. O-O Bc5 8.
Nxd4 Bd7 9. Bxc6 bxc6 10. Be3 Qe7 11. f3 Nd6 12. Bf2 Nf5 13. c3 O-O 14. Re1
Bb6 15. Qc2 Nh4 16. a4 a5 17. Qd2 Rfe8 18. f4 c5 19. Nb5 Bc6 20. N1a3 Rad8
21. Rad1 d4 22. Bxh4 Qxh4 23. Qf2 Qxf2+ 24. Kxf2 Bd5 25. c4 Be6 26. b3 Bf5
27. h3 h5 28. Kf3 h4 29. Re2 Rd7 30. Nb1 Rde7 31. Rde1 Re6 32. Kf2 Rg6 33.
Rc1 Bxb1 34. Rxb1 Rg3 35. Re4 f5 36. Re2 Re6 37. Kf1 Kf7 38. Rbb2 Reg6 39.
Rb1 Rd3 40. Kf2 Ke6 41. Reb2 Rgg3 42. Ke2 Rge3+ 43. Kf1 g6 44. Kg1 Rg3 45.
Na3 g5 46. Nc2 gxf4 47. Ne1 Rc3 48. Kf2 c6 49. Nf3 Bd8 50. Re2 Rg7 51. Reb2
Rb7 52. Kf1 Be7 53. Kf2 Rb8 54. Kf1 Re3 55. Kf2 Rg8 56. Kf1 Rg6 57. Kf2 Rg8
58. Kf1 Kf7 59. Kf2 Rb8 60. Kf1 Kg6 61. Kf2 Kh5 62. Kf1 Bf8 63. Kf2 Bg7 64.
Re2 Re8 65. Kf1 Bxe5 66. Rf2 Bd6 67. Rfb2 Rb8 68. Kf2 Bf8 69. Kf1 Bg7 70.
Kf2 d3 71. Ra2 Rbe8 72. Rd1 Bc3 73. Kf1 Re2 74. Ra3 d2 75. Nxd2 Rxd2 0-1

[Event "Gibtelecom Masters"]
[Site "Gibraltar ENG"]
[Date "2006.01.24"]
[Round "1"]
[White "Giacopelli,V"]
[Black "Phillips,G"]
[Result "1/2-1/2"]
[WhiteElo "2102"]
[BlackElo "1790"]
[EventDate "2006.01.24"]

1. b3 d5 2. Bb2 Nf6 3. e3 Bf5 4. Nf3 h6 5. d3 c5 6. Nbd2 e6 7. g3 Nc6 8.
Bg2 Be7 9. O-O O-O 10. Qe2 d4 11. Nc4 Rb8 12. a4 Re8 13. exd4 cxd4 14. Nce5
Bg4 15. Nxg4 Nxg4 16. Nxd4 Nxd4 17. Qxg4 Bf6 18. Bxd4 Bxd4 19. Rae1 Qb6 20.
Re2 e5 21. h4 Re7 22. Be4 Rc7 23. h5 Rbc8 24. c4 Qf6 25. Qf5 Qxf5 26. Bxf5
Rd8 27. b4 a5 28. Rb1 axb4 29. Rxb4 Ra8 30. Ra2 b6 31. Be4 Ra5 32. Rb5 Ra6
33. Bf3 Rca7 34. Bd1 Re7 35. Kg2 Bc5 36. Re2 f6 37. Bc2 Kf7 38. Rb1 Raa7
39. Rb5 Ra6 40. Rb1 Raa7 41. Rbe1 Bb4 42. Rf1 Bc5 43. Rfe1 Bb4 44. Rh1 Bc5
45. Rh4 Rad7 46. Rhe4 Bd4 47. g4 Bc5 48. Kg3 Rd4 49. f4 exf4+ 50. Kxf4 Re5
51. Kf3 Ke6 52. Rxd4 Bxd4 53. Re4 Bc5 54. d4 Rxe4 55. dxc5 Re5 56. cxb6 Kd6
57. Be4 Ra5 58. b7 Kc7 59. Kf4 Re5 60. Bd5 Kb8 61. a5 Ka7 62. Be4 Kb8 63.
Ke3 Rxa5 64. Bd5 Ra1 65. Kf4 Rf1+ 66. Bf3 Rf2 67. c5 Rf1 68. c6 Kc7 69. Ke3
Re1+ 70. Be2 1/2-1/2

[Event "Gibtelecom Masters"]
[Site "Gibraltar ENG"]
[Date "2006.01.24"]
[Round "1"]
[White "Fellousi,A"]
[Black "Cannon,Ri"]
[Result "0-1"]
[WhiteElo "2132"]
[BlackElo "2087"]
[EventDate "2006.01.24"]

1. e4 e6 2. d4 d5 3. e5 c5 4. c3 Qb6 5. Nf3 Nc6 6. Be2 cxd4 7. cxd4 Nh6 8.
b3 Nf5 9. Bb2 Bb4+ 10. Kf1 Be7 11. h4 h5 12. g3 Bd7 13. Kg2 O-O-O 14. Nc3
Kb8 15. Na4 Qc7 16. Rc1 b6 17. Ba6 Bc8 18. Bb5 Bb7 19. Qd3 Rc8 20. Rc2 Qd8
21. a3 f6 22. Re1 fxe5 23. Nxe5 Nxe5 24. Rxe5 Rxc2 25. Qxc2 Bf6 26. Rxe6
Nxd4 27. Bxd4 Bxd4 28. Qd2 Bf6 29. Qf4+ Ka8 30. Bc6 Qc8 31. Bxb7+ Qxb7 32.
Qf3 Rc8 33. Qf5 d4+ 34. Kh2 Rd8 35. Nb2 Qd5 36. Qxd5+ Rxd5 37. Nd3 Rd8 38.
Kg2 Rc8 39. Nb4 Rc3 40. Nd5 Rxb3 41. Nxf6 gxf6 42. a4 Ra3 43. Rxf6 Rxa4 44.
Rf5 d3 45. Rd5 a5 46. f4 Rc4 47. Kf3 a4 48. f5 Kb7 49. f6 Rc6 50. Ke3 Rxf6
51. Kxd3 Rf3+ 52. Kc4 Rxg3 53. Rxh5 a3 54. Rf5 Rh3 55. Rf2 Rxh4+ 56. Kb5
Rh5+ 57. Kb4 Ra5 58. Ra2 Kc6 59. Rxa3 Rxa3 60. Kxa3 Kc5 61. Ka4 Kc4 62. Ka3
b5 63. Ka2 Kc3 64. Ka3 b4+ 65. Ka2 Kc2 66. Ka1 Kb3 67. Kb1 Ka3 0-1

[Event "Gibtelecom Masters"]
[Site "Gibraltar ENG"]
[Date "2006.01.24"]
[Round "1"]
[White "Straub,P"]
[Black "El Amari,K"]
[Result "0-1"]
[WhiteElo "2086"]
[BlackElo "2137"]
[EventDate "2006.01.24"]

1. e4 e5 2. Nf3 d6 3. d4 exd4 4. Nxd4 Nf6 5. Nc3 Be7 6. Bf4 O-O 7. Qd2 c6
8. Bd3 b5 9. f3 a6 10. O-O-O c5 11. Nf5 Bxf5 12. exf5 d5 13. Bg5 b4 14. Na4
c4 15. Be2 Nbd7 16. b3 Qa5 17. Kb1 c3 18. Qd4 h6 19. Be3 Rfc8 20. g4 Nc5
21. Nxc5 Bxc5 22. Qf4 Bxe3 0-1